000 00321nam a22001457a 4500
003 SGT
082 _bMAZ
100 _aMAZIDI MD ALI
245 _aTHE 8051 MICROCONTROLLER AND BEDDED SYSTEMS
250 _a2ND
260 _bPEARSON INDIA
_c2008
300 _a547
650 _aCOMMERCE MANAGEMENT
942 _2ddc
_cBK
999 _c15500
_d15500